[Event "St Veit op-B 35th"]
[Site "St Veit"]
[Date "2016.07.15"]
[Round "8"]
[White "Urh, Zala"]
[Black "Steiner, Peter"]
[Result "0-1"]
[WhiteElo "1977"]
[BlackElo "1941"]
[PlyCount "70"]
[EventDate "2016.07.09"]
[EventType "swiss"]
[EventRounds "9"]
[EventCountry "AUT"]
[SourceTitle "EXT 2017"]
[Source "ChessBase"]
[SourceDate "2016.10.25"]
[SourceVersion "1"]
[SourceVersionDate "2016.10.25"]
[SourceQuality "1"]

1. d4 Nf6 2. Nf3 g6 3. c4 Bg7 4. Nc3 0-0 5. e4 d6 6. Be2 e5 7. d5 a5 8. Bg5 h6 9. Bh4 g5 10. Bg3 Nh5 11. Nd2 Nf4 12. 0-0 f5 13. exf5 Bxf5 14. Nde4 Nd7 15. b3 b6 16. Re1 Nc5 17. Bf1 Bg6 18. a3 h5 19. f3 Bh6 20. b4 axb4 21. axb4 Rxa1 22. Qxa1 Nxe4 23. fxe4 Qf6 24. Qa2 h4 25. Bf2 g4 26. c5 bxc5 27. bxc5 Bh5 28. g3 Nh3+ 29. Bxh3 gxh3 30. cxd6 Qf3 31. Bc5 Qxc3 32. Bf2 cxd6 33. gxh4 Bd2 34. Qa6 Bxe1 35. Qxd6 Bxf2+ 0-1

[Event "AUT-ch"]
[Site "Pinkafeld"]
[Date "2015.07.30"]
[Round "6"]
[White "Toelly, Michael"]
[Black "Steiner, Peter"]
[Result "0-1"]
[WhiteElo "2045"]
[BlackElo "1986"]
[PlyCount "54"]
[EventDate "2015.07.25"]
[EventType "swiss"]
[EventRounds "9"]
[EventCountry "AUT"]
[SourceTitle "CBM 167 Extra"]
[Source "ChessBase"]
[SourceDate "2015.09.14"]
[SourceVersion "1"]
[SourceVersionDate "2015.09.14"]
[SourceQuality "1"]

1. e4 c5 2. c3 d5 3. exd5 Nf6 4. d4 Nxd5 5. Nf3 e6 6. a3 cxd4 7. cxd4 Be7 8. Bd3 0-0 9. 0-0 Nc6 10. Nc3 Bf6 11. Be3 Nce7 12. Qe2 b6 13. Rad1 Bb7 14. Bb1 Rc8 15. Qd3 g6 16. Bc1 Bg7 17. Ng5 Nxc3 18. bxc3 Qc7 19. Bd2 Nd5 20. Ne4 Qc6 21. Qg3 Rfd8 22. Rc1 Nf6 23. f3 Qa4 24. Nd6 Nh5 25. Qh4 Rxd6 26. Bg5 Bf8 27. d5 Qxh4 0-1

[Event "AUT-ch"]
[Site "Pinkafeld"]
[Date "2015.07.29"]
[Round "5"]
[White "Steiner, Peter"]
[Black "Hatzl, Johannes"]
[Result "0-1"]
[WhiteElo "1986"]
[BlackElo "2114"]
[PlyCount "90"]
[EventDate "2015.07.25"]
[EventType "swiss"]
[EventRounds "9"]
[EventCountry "AUT"]
[SourceTitle "CBM 167 Extra"]
[Source "ChessBase"]
[SourceDate "2015.09.14"]
[SourceVersion "1"]
[SourceVersionDate "2015.09.14"]
[SourceQuality "1"]

1. e4 d5 2. exd5 Qxd5 3. Nc3 Qd6 4. d4 Nf6 5. Nge2 g6 6. Bf4 Qb6 7. Qd2 h6 8. 0-0-0 c6 9. f3 Qa5 10. Kb1 Be6 11. Be5 Nbd7 12. Nf4 Nxe5 13. Nxe6 fxe6 14. dxe5 Qxe5 15. Bc4 Nd5 16. Rhe1 Qf5 17. Qd4 Rg8 18. Bd3 Qf7 19. Na4 Bg7 20. Qe4 Qf5 21. Qxe6 Qxe6 22. Rxe6 Bf6 23. Bc4 0-0-0 24. Bxd5 Rxd5 25. Rxd5 cxd5 26. Nc5 b6 27. Nd3 Kd7 28. Re2 g5 29. Ne5+ Bxe5 30. Rxe5 e6 31. h3 Kd6 32. Re3 h5 33. c3 e5 34. Kc2 Ke6 35. Kd3 Kf5 36. Ke2 Rd8 37. Kd3 Kf4 38. Re2 e4+ 39. fxe4 dxe4+ 40. Kc2 e3 41. c4 Ke4 42. b3 Rf8 43. Kc3 Rf2 44. Re1 Rxa2 45. Rd1 e2 0-1

[Event "Steyr Landesliga 1415"]
[Site "Austria"]
[Date "2014.10.11"]
[Round "2.6"]
[White "Gutmann, Alois"]
[Black "Steiner, Peter"]
[Result "1-0"]
[WhiteElo "2044"]
[BlackElo "2031"]
[PlyCount "35"]
[EventDate "2014.09.27"]
[EventType "team-tourn"]
[EventRounds "11"]
[EventCountry "AUT"]
[SourceTitle "EXT 2016"]
[Source "ChessBase"]
[SourceDate "2015.10.08"]
[SourceVersion "1"]
[SourceVersionDate "2015.10.08"]
[SourceQuality "1"]
[WhiteTeam "Feldbach Kirchberg"]
[BlackTeam "Pinggau Friedberg"]
[WhiteTeamCountry "AUT"]
[BlackTeamCountry "AUT"]

1. Nc3 Nf6 2. e4 e5 3. Nf3 d6 4. Bc4 Be7 5. d4 Nbd7 6. 0-0 0-0 7. Re1 c6 8. a4 h6 9. h3 Qc7 10. Be3 Re8 11. Ba2 Nf8 12. Qd3 Ng6 13. Ne2 Nxe4 14. Nxe5 d5 15. Nxg6 fxg6 16. Qxe4 Bf5 17. Qf3 Be4 18. Qxe4 1-0

[Event "Ratten op 21st"]
[Site "Ratten"]
[Date "2014.06.01"]
[Round "5"]
[White "Steiner, Peter"]
[Black "Mueller, Marcus"]
[Result "1-0"]
[WhiteElo "2010"]
[BlackElo "2156"]
[PlyCount "73"]
[EventDate "2014.05.29"]
[EventType "swiss"]
[EventRounds "5"]
[EventCountry "AUT"]
[SourceTitle "CBM 160 Extra"]
[Source "ChessBase"]
[SourceDate "2014.07.01"]
[SourceVersion "1"]
[SourceVersionDate "2014.07.01"]
[SourceQuality "1"]

1. e4 g6 2. d4 Bg7 3. c4 d6 4. Nc3 Nf6 5. Nf3 0-0 6. Be2 e5 7. dxe5 dxe5 8. Qxd8 Rxd8 9. Bg5 Re8 10. Nd5 Nxd5 11. cxd5 c6 12. Bc4 cxd5 13. Bxd5 Nc6 14. 0-0 Nd4 15. Nxd4 exd4 16. Rac1 a5 17. Rc7 Be6 18. Bxe6 Rxe6 19. Rfc1 Rxe4 20. Rxb7 h6 21. Bd2 Re2 22. Rd1 a4 23. Kf1 Ree8 24. Rc1 Rec8 25. Rxc8+ Rxc8 26. Ke2 a3 27. Kd3 axb2 28. Rxb2 Ra8 29. Bb4 h5 30. Rc2 Bf6 31. a3 Kg7 32. Ra2 g5 33. a4 Kg6 34. a5 Rb8 35. a6 Rxb4 36. a7 Rb3+ 37. Ke4 1-0

[Event "Ratten op 21st"]
[Site "Ratten"]
[Date "2014.05.30"]
[Round "3"]
[White "Stagl, Marco"]
[Black "Steiner, Peter"]
[Result "1-0"]
[WhiteElo "2149"]
[BlackElo "2010"]
[PlyCount "169"]
[EventDate "2014.05.29"]
[EventType "swiss"]
[EventRounds "5"]
[EventCountry "AUT"]
[SourceTitle "CBM 160 Extra"]
[Source "ChessBase"]
[SourceDate "2014.07.01"]
[SourceVersion "1"]
[SourceVersionDate "2014.07.01"]
[SourceQuality "1"]

1. d4 Nf6 2. Nf3 g6 3. g3 Bg7 4. Bg2 0-0 5. 0-0 d6 6. c4 Nc6 7. b3 a6 8. Bb2 Bd7 9. h3 Rb8 10. Nbd2 Re8 11. d5 Na5 12. b4 Qc8 13. bxa5 Bxh3 14. Qc2 Qg4 15. Rab1 e5 16. e4 Bh6 17. Nh2 Qd7 18. Rfe1 Nh5 19. Ndf1 Bxg2 20. Kxg2 f5 21. exf5 gxf5 22. Bc1 f4 23. Qe2 Nf6 24. Nd2 e4 25. gxf4 Bxf4 26. Ndf1 Be5 27. Ng3 Kh8 28. Bb2 Bxb2 29. Qxb2 Qg7 30. Nhf1 Re5 31. Ne3 Rg8 32. Rg1 Nh5 33. Kf1 Nf4 34. Ne2 Qf6 35. Rxg8+ Kxg8 36. Nxf4 Qxf4 37. Qe2 Rg5 38. Ke1 Rg1+ 39. Nf1 Qe5 40. Qe3 b5 41. axb6 cxb6 42. Ke2 b5 43. cxb5 Qxd5 44. Qb3 Qxb3 45. Rxb3 axb5 46. Rxb5 Kf7 47. Rb7+ Ke6 48. Rxh7 d5 49. Ra7 d4 50. Nd2 d3+ 51. Ke3 Re1+ 52. Kd4 Re2 53. Kc3 Rxf2 54. Nxe4 Rf4 55. Nc5+ Kd6 56. Nxd3 Rh4 57. Ra5 Kc6 58. Rc5+ Kb6 59. Rc4 Rh2 60. Kb3 Rh3 61. Rc3 Rh4 62. Nb2 Rh5 63. a4 Ka5 64. Nc4+ Ka6 65. Kb4 Rh1 66. Rg3 Rb1+ 67. Kc5 Rh1 68. Rg6+ Kb7 69. Na5+ Kc7 70. Rg7+ Kc8 71. Nb3 Rh5+ 72. Kb6 Rh6+ 73. Kb5 Kb8 74. Nd4 Kc8 75. a5 Rd6 76. Nc6 Rd5+ 77. Ka6 Rc5 78. Nb4 Rh5 79. Nd3 Rd5 80. Nb2 Rh5 81. Nc4 Rh4 82. Kb5 Rh5+ 83. Ka6 Rh6+ 84. Nb6+ Kb8 85. Rb7# 1-0

[Event "Steyr Landesliga 1314"]
[Site "Austria"]
[Date "2013.12.07"]
[Round "5.6"]
[White "Fischer, Karl"]
[Black "Steiner, Peter"]
[Result "0-1"]
[WhiteElo "1907"]
[BlackElo "2014"]
[PlyCount "120"]
[EventDate "2013.09.28"]
[EventType "team-tourn"]
[EventRounds "11"]
[EventCountry "AUT"]
[SourceTitle "EXT 2015"]
[Source "ChessBase"]
[SourceDate "2014.11.20"]
[SourceVersion "1"]
[SourceVersionDate "2014.11.20"]
[SourceQuality "1"]
[WhiteTeam "Kapfenberg/Norske/Bruck"]
[BlackTeam "Pinggau Friedberg"]
[WhiteTeamCountry "AUT"]
[BlackTeamCountry "AUT"]

1. e4 c5 2. c3 d5 3. exd5 Qxd5 4. d4 Nf6 5. Nf3 g6 6. Be2 Bg7 7. 0-0 cxd4 8. cxd4 0-0 9. Nc3 Qd8 10. Qb3 Nbd7 11. Rd1 Nb6 12. Bf4 Nfd5 13. Be5 Be6 14. Qa3 h6 15. Rac1 a6 16. h3 Nxc3 17. Rxc3 Rc8 18. Rdc1 Rxc3 19. Rxc3 Nd5 20. Rc1 Qb6 21. Bxg7 Kxg7 22. b3 Rc8 23. Rxc8 Bxc8 24. Bc4 Qb4 25. Qxb4 Nxb4 26. a4 Bf5 27. Ne1 Kf6 28. Kf1 Nc6 29. Bd5 Nxd4 30. Bxb7 a5 31. Bd5 Be6 32. Bxe6 Kxe6 33. Nd3 Nxb3 34. Ke2 Kd5 35. Kd1 Nc5 36. Nb2 Kd4 37. Kc2 h5 38. f3 h4 39. Kd2 g5 40. Kc2 f5 41. Kd2 e5 42. Ke2 e4 43. fxe4 fxe4 44. Kd2 Ne6 45. Nd1 Nf4 46. Ne3 Nd5 47. Nf1 e3+ 48. Ke1 Nc3 49. Nh2 Nxa4 50. Nf3+ Kd3 51. Ne5+ Ke4 52. Nc4 Nc5 53. Nxa5 Nd3+ 54. Kf1 Nf4 55. Nb3 Kd3 56. Nc1+ Kd2 57. Nb3+ Kd1 58. Nd4 e2+ 59. Nxe2 Nxe2 60. Kf2 Nf4 0-1

[Event "Steyr Landesliga 1213"]
[Site "Austria"]
[Date "2012.09.22"]
[Round "1.6"]
[White "Steiner, Peter"]
[Black "Kollmann, Christoph"]
[Result "1/2-1/2"]
[WhiteElo "2019"]
[BlackElo "2027"]
[PlyCount "81"]
[EventDate "2012.09.22"]
[EventType "team-tourn"]
[EventRounds "11"]
[EventCountry "AUT"]
[SourceTitle "EXT 2014"]
[Source "ChessBase"]
[SourceDate "2013.11.20"]
[SourceVersion "1"]
[SourceVersionDate "2013.11.20"]
[SourceQuality "1"]
[WhiteTeam "Pinggau Friedberg"]
[BlackTeam "Graz Post"]
[WhiteTeamCountry "AUT"]
[BlackTeamCountry "AUT"]

1. Nf3 g6 2. c4 Bg7 3. Nc3 e5 4. g3 Nc6 5. Bg2 Nge7 6. e4 d6 7. 0-0 0-0 8. d3 h6 9. Rb1 a5 10. a3 Bg4 11. h3 Be6 12. Nd5 Qd7 13. Kh2 f5 14. b4 axb4 15. axb4 fxe4 16. dxe4 g5 17. b5 Na5 18. Qd3 b6 19. Ng1 Nb7 20. Qe2 Nc5 21. Be3 Ra3 22. Ra1 Rfa8 23. Qb2 Rxa1 24. Rxa1 Rxa1 25. Qxa1 Kf7 26. Bf3 Kg8 27. Qa8+ Kh7 28. Qb8 Nxd5 29. cxd5 Qc8 30. Qxc8 Bxc8 31. Bxc5 dxc5 32. Bg4 Bxg4 33. hxg4 c4 34. Ne2 Bf8 35. Kg2 Bb4 36. Kf3 Kg6 37. Ke3 Kf6 38. f3 Ke7 39. f4 Kd6 40. f5 Kc5 41. Ng1 1/2-1/2